Harry Potter: les Canons de Chudley - Statistiques

Statistiques générales
  • Ce quiz a été pris 17 fois
  • Le résultat moyen est 6 sur 11
Statistiques - réponses
Information Réponses % Correct
Première apparition Harry Potter et la Chambre des Secrets
94%
Dernière apparition Harry Potter et les Reliques de la Mort
94%
Nation d'origine Angleterre
88%
Pays d'origine Royaume-Uni
88%
Ville d'origine Chudley
69%
Devise (après 1972) Croisons les doigts et gardons espoir
25%
Poursuiveur Dragomir Gorgovitch
25%
Attrapeur Galvin Gudgeon
25%
Gardien Gordon Horton
25%
Batteur Joey Jenkins
25%
Devise (avant 1972) Nous vaincrons
25%
Aucun quiz correspondant
Distribution des résultats
% des personnes avec chaque résultat
Percentile par nombre de réponses
Votre historique - résultats
Vous n’avez pas pris ce quiz